000 00306 a2200145 4500
001 168566
020 _a
040 _cMagnum
100 _aBezerra Neto, Luiz
240 1 0 _aSem-terra aprende e ensina
_lpor
245 1 0 _aSem-terra aprende e ensina
362 0 _a1899
697 _aENSINO
942 _cBK
999 _c168566
_d168566